Personajes célebres de la humanidad
Guardat en:
| Format: | Llibre |
|---|---|
| Idioma: | espanyol |
| Publicat: |
Bogotá
Norma
2000
|
| Matèries: | |
| Etiquetes: |
Afegir etiqueta
Sense etiquetes, Sigues el primer a etiquetar aquest registre!
|
MARC
| LEADER | 00000nam a2200000 a 4500 | ||
|---|---|---|---|
| 001 | UCL3823 | ||
| 003 | CL-VaPUC | ||
| 008 | 031212e20000000CK |||||||||||||||||spa|d | ||
| 020 | |a 9580441340 | ||
| 082 | 0 | 4 | |a 920 |b PER |2 21 |
| 245 | 1 | 0 | |a Personajes célebres de la humanidad |
| 300 | |a 1030 p | ||
| 942 | |c BK | ||
| 945 | |d 20031212 00:00:00 |a cmena | ||
| 260 | |a Bogotá |b Norma |c 2000 | ||
| 650 | 0 | |a Biografías |9 255210 | |
| 650 | 0 | |a Diccionarios |9 256200 | |
| 583 | |a last modification |c 20031212 00:00:00 |k Rodrigo Vera | ||
| 999 | |c 306827 |d 306825 | ||
| 952 | |0 0 |1 0 |4 0 |6 920_000000000000000_PER_2000 |7 0 |8 X |9 372202 |a BIBEDU |b BIBEDU |d 2019-11-21 |i 3974995 |o 920 PER 2000 |p 3974995 |r 2023-01-13 |w 2019-11-21 |y BK_X |k EBA | ||